Statistics for Fastest Countries A-Z #1

Click here to take the quiz!

General Stats

  • This quiz has been taken 23 times
  • The average score is 18 of 24

Answer Stats

RecordCountry% Correct
O9.97Oman
100%
Q9.91Qatar
100%
U9.69United States
95%
Y10.90Yemen
95%
J9.58Jamaica
89%
K9.77Kenya
89%
R10.10Russia
89%
Z9.89Zimbabwe
89%
F9.86France
84%
V10.24Venezuela
84%
I9.80Italy
79%
B9.87Barbados
74%
D10.04Dominican Republic
74%
H10.08Hungary
74%
A9.91Antigua and Barbuda
68%
C9.83China
68%
N9.85Nigeria
68%
T9.82Trinidad and Tobago
68%
M10.09Morocco | Malaysia
58%
P9.86Portugal
58%
E10.09Ecuador
53%
S9.84South Africa
53%
G9.90Ghana
47%
L9.97Liberia
42%

Score Distribution

Percentile by Number Answered

Percent of People with Each Score

Your Score History

You have not taken this quiz